000
00234 a2200109 4500
020
_a
9789996404146
041
_a
eng
100
_a
Rolando Ernesto Tellez
245
_a
Ruben Dario y Centenary of his Death
942
_c
BK
952
_7
4
999
_c
16568
_d
16568